000
00288nam a22001337a 4500
008
170223b xxu||||| |||| 00| 0 eng d
020
_a
753849077084
041
_a
eng
080
_a
617
100
_a
5
101
_a
SHK
245
_a
CELLS TISSUES AND SKIN
_c
COOLEY,D.A
942
_2
udc
_c
BK
999
_c
6147
_d
6147